000 00515nam a2200193Ia 4500
001 20443
003 IN-NITTTR
005 20251114233234.0
008 251113s9999||||xx |||||||||||||| ||eng||
040 _beng
040 _cIN-NITTTR
041 _aeng
082 _a530 G26P
100 _aGettys, W. Edward
245 0 _aPhysics :
_b classical and modern. /
_cGettys, W. Edward, Keller, Frederick J., Skove, Malcolm J.
700 _a Keller, Frederick J.
700 _a Skove, Malcolm J.
942 _2ddc
_cBK
999 _c23076
_d23076